Colossus. The Price of America’s Empire, Niall Ferguson, The Penguin Press, 2004, 384 pages. America’s Inadvertent Empire, William E. Odom and Robert Dujarric, Yale University Press, 2004, 285 pages (notice n° 1631238)

détails MARC
000 -LEADER
fixed length control field 01920cam a2200169 4500500
005 - DATE AND TIME OF LATEST TRANSACTION
control field 20260111104950.0
041 ## - LANGUAGE CODE
Language code of text/sound track or separate title fre
042 ## - AUTHENTICATION CODE
Authentication code dc
100 10 - MAIN ENTRY--PERSONAL NAME
Personal name Lord, Carnes
Relator term author
245 00 - TITLE STATEMENT
Title Colossus. The Price of America’s Empire, Niall Ferguson, The Penguin Press, 2004, 384 pages. America’s Inadvertent Empire, William E. Odom and Robert Dujarric, Yale University Press, 2004, 285 pages
260 ## - PUBLICATION, DISTRIBUTION, ETC.
Date of publication, distribution, etc. 2005.<br/>
500 ## - GENERAL NOTE
General note 55
520 ## - SUMMARY, ETC.
Summary, etc. RésuméLes relations entre le Mexique et les États-Unis ont besoin de trouver un nouveau souffle. Cela passe par une vision claire de long terme comme celle qui présida à la création de l’Alena en 1992, et des initiatives ambitieuses à même de résoudre les problèmes communs aux deux pays, en particulier l’émigration mexicaine vers le nord. Il nous faut abandonner nos réticences mutuelles et créer un véritable espace économique et de sécurité nord-américain qui réponde au défi du développement, de la compétitivité, et à celui de la défense contre des menaces extérieures.
520 ## - SUMMARY, ETC.
Summary, etc. Parameters for Partnership: Taking a New Look at the US-Mexico RelationshipThe US-Mexico relationship has lost steam. A new partnership now needs new parameters, with a bold vision of the future along the lines of the Nafta when it was first put forward. Only a set of ambitious steps will help resolve common issues, particularly Mexican emigration to the US. We need to promote the emergence of a North American homeland, discuss the common defense of the region, and create a “Made in North America” label that will be the result of freer movement of goods, services and people within North America, and a signal of quality and competitiveness.
786 0# - DATA SOURCE ENTRY
Note Politique américaine | 2 | 2 | 2005-06-01 | p. 129a-132a | 1771-8848
856 41 - ELECTRONIC LOCATION AND ACCESS
Uniform Resource Identifier <a href="https://shs.cairn.info/revue-politique-americaine-2005-2-page-129a?lang=fr&redirect-ssocas=7080">https://shs.cairn.info/revue-politique-americaine-2005-2-page-129a?lang=fr&redirect-ssocas=7080</a>

Pas d'exemplaire disponible.

PLUDOC

PLUDOC est la plateforme unique et centralisée de gestion des bibliothèques physiques et numériques de Guinée administré par le CEDUST. Elle est la plus grande base de données de ressources documentaires pour les Étudiants, Enseignants chercheurs et Chercheurs de Guinée.

Adresse

627 919 101/664 919 101

25 boulevard du commerce
Kaloum, Conakry, Guinée

Réseaux sociaux

Powered by Netsen Group @ 2025